[Event "Ruhrgebiet Verbandsklasse Gruppe 2 1415"]
[Site "Germany"]
[Date "2015.02.08"]
[Round "6.4"]
[White "Nattermueller, Matthias"]
[Black "Isdepski, Marcus"]
[Result "1/2-1/2"]
[WhiteElo "1867"]
[BlackElo "1855"]
[PlyCount "105"]
[EventDate "2014.09.21"]
[EventType "team-tourn"]
[EventRounds "9"]
[EventCountry "GER"]
[SourceTitle "EXT 2022"]
[Source "ChessBase"]
[SourceDate "2021.10.06"]
[SourceVersion "1"]
[SourceVersionDate "2021.10.06"]
[SourceQuality "1"]
[WhiteTeam "Ahlen SV"]
[BlackTeam "Borbeck Weisse Dame II"]
[WhiteTeamCountry "GER"]
[BlackTeamCountry "GER"]

1. d4 d5 2. Bg5 Nf6 3. Nd2 e6 4. e3 Be7 5. Bd3 Nbd7 6. Ngf3 c5 7. c3 Qb6 8. b3 h6 9. Bf4 Qa5 10. Qc2 b5 11. 0-0 Qb6 12. a4 c4 13. bxc4 bxc4 14. Be2 Qc6 15. Ne5 Qa6 16. a5 0-0 17. Rfb1 Nxe5 18. dxe5 Nd7 19. e4 Bb7 20. exd5 Bxd5 21. Bf3 Bxf3 22. Nxf3 Nc5 23. Qe2 Rab8 24. Rd1 Nd3 25. Bd2 Rb2 26. Qe4 Rfb8 27. Qg4 Kh7 28. Qh5 Kg8 29. Qg4 Bf8 30. Rf1 Qb5 31. Bxh6 Rb7 32. Be3 Bc5 33. Bh6 Bf8 34. Bf4 Qd5 35. Bg3 Bc5 36. Qh4 Be7 37. Qg4 R7b3 38. Bh4 Bxh4 39. Qxh4 Nxe5 40. Ng5 Ng6 41. Qh7+ Kf8 42. Qh5 Rxc3 43. Rae1 Qd3 44. Re3 Qd4 45. Qf3 Nf4 46. Nxe6+ fxe6 47. Rxc3 Qxc3 48. Qxf4+ Kg8 49. Rd1 Qxa5 50. Qxc4 Qf5 51. Qd4 Rb1 52. Qd8+ Kh7 53. Qh4+ 1/2-1/2

[Event "Ruhrgebiet Verbandsklasse Gruppe 2 1415"]
[Site "Germany"]
[Date "2014.10.19"]
[Round "2.4"]
[White "Mittelbachert, Ulrich"]
[Black "Isdepski, Marcus"]
[Result "1/2-1/2"]
[WhiteElo "1864"]
[BlackElo "1855"]
[PlyCount "89"]
[EventDate "2014.09.21"]
[EventType "team-tourn"]
[EventRounds "9"]
[EventCountry "GER"]
[SourceTitle "EXT 2022"]
[Source "ChessBase"]
[SourceDate "2021.10.06"]
[SourceVersion "1"]
[SourceVersionDate "2021.10.06"]
[SourceQuality "1"]
[WhiteTeam "Castrop Rauxel II"]
[BlackTeam "Borbeck Weisse Dame II"]
[WhiteTeamCountry "GER"]
[BlackTeamCountry "GER"]

1. Nf3 Nf6 2. g3 d5 3. Bg2 c5 4. d3 h6 5. Nbd2 Nc6 6. c3 e5 7. e4 dxe4 8. dxe4 Be6 9. Qe2 Be7 10. 0-0 0-0 11. Nc4 Qc7 12. Nh4 Rfd8 13. Ne3 Bf8 14. Nef5 Ne7 15. Be3 a6 16. a4 Qc6 17. Nxe7+ Bxe7 18. Qc2 Ng4 19. Nf5 Bf8 20. Rad1 Nxe3 21. Nxe3 c4 22. h4 Bc5 23. Nf5 Bd7 24. Rd5 Bxf5 25. Rxd8+ Rxd8 26. exf5 Qc7 27. f6 Rd3 28. b4 Ba7 29. Kh1 gxf6 30. Be4 Rd8 31. Qe2 Qc8 32. Qf3 b5 33. a5 Qh3+ 34. Kg1 Qe6 35. Bf5 Qd6 36. Re1 Qd2 37. Re2 Qd5 38. Be4 Qe6 39. Kh2 Kg7 40. Bf5 Qd5 41. Qg4+ Kf8 42. Be4 Qd1 43. Qh5 Kg7 44. Qg4+ Kf8 45. Qh5 1/2-1/2

[Event "Ruhrgebiet Verbandsklasse Gruppe 2 1415"]
[Site "Germany"]
[Date "2014.09.21"]
[Round "1.4"]
[White "Isdepski, Marcus"]
[Black "Vavro, Mathias"]
[Result "1/2-1/2"]
[WhiteElo "1855"]
[BlackElo "1726"]
[PlyCount "89"]
[EventDate "2014.09.21"]
[EventType "team-tourn"]
[EventRounds "9"]
[EventCountry "GER"]
[SourceTitle "EXT 2022"]
[Source "ChessBase"]
[SourceDate "2021.10.06"]
[SourceVersion "1"]
[SourceVersionDate "2021.10.06"]
[SourceQuality "1"]
[WhiteTeam "Borbeck Weisse Dame II"]
[BlackTeam "Muelheim Nord V"]
[WhiteTeamCountry "GER"]
[BlackTeamCountry "GER"]

1. e4 c6 2. d4 d5 3. exd5 cxd5 4. Nf3 Bg4 5. Be2 Nf6 6. 0-0 Nc6 7. h3 Bh5 8. Nbd2 e6 9. Nb3 Bd6 10. Ne5 Bxe2 11. Qxe2 Ne4 12. Nxc6 bxc6 13. Nd2 Nxd2 14. Bxd2 Qb6 15. Bc3 0-0 16. Rad1 a5 17. a4 c5 18. dxc5 Bxc5 19. b3 d4 20. Ba1 Rfe8 21. Qe5 f6 22. Qe4 e5 23. Kh1 Rac8 24. f4 Bb4 25. fxe5 fxe5 26. Rf5 Qc6 27. Qg4 Qxc2 28. Rdf1 Rf8 29. Rxf8+ Rxf8 30. Qe6+ Kh8 31. Rg1 Qf5 32. Qd5 h6 33. Bb2 Qf6 34. Qc4 Qf7 35. Qd3 Qd5 36. Qd1 Rf2 37. Bc1 Bc3 38. Qg4 e4 39. Bf4 e3 40. Bxe3 dxe3 41. Qc8+ Kh7 42. Qxc3 e2 43. Qe3 Qf5 44. Kh2 g5 45. Re1 1/2-1/2